| 000 | 00977nam a22002897a 4500 | ||
|---|---|---|---|
| 003 | CHAP | ||
| 005 | 20220329135352.0 | ||
| 008 | 971013s1974 r 00010 d | ||
| 010 | _a35171 | ||
| 011 | _a36143 | ||
| 035 | _a40262 | ||
| 040 | _cCHAP | ||
| 082 |
_a972.083 _bM4i 1971-73 |
||
| 110 |
_aMéxico. Presidente, _d1970-76 (Echeverría Alvarez) _977094 |
||
| 245 | _aInformes de gobierno, 1971-1973 | ||
| 260 |
_a(México, D.F.) : _bDirección General de Documentación e Informe Presidencia, _c(1974) |
||
| 300 | _a285 p | ||
| 590 |
_aBATCH-UPD _b10 _c20130110 _lUCH01 _h1807 |
||
| 590 |
_aBATCH-UPD _b10 _c20130410 _lUCH01 _h1143 |
||
| 590 |
_aBATCH-UPD _b10 _c20130914 _lUCH01 _h1825 |
||
| 590 |
_aBATCH-UPD _b10 _c20161124 _lUCH01 _h1709 |
||
| 590 |
_aCONVERSION _b10 _c20130109 _lUCH01 _h1320 |
||
| 651 | 4 |
_aMéxico _xPolítica y gobierno. _976783 |
|
| 901 | _aBK | ||
| 942 | _cLIBRO | ||
| 949 |
_a972.083 M4i 1971-73 _bBC _cLIBRO _d33724000150488 _eLIBRO _h33515 _i40262 _mD _si |
||
| 999 |
_c35171 _d35171 |
||